Fr. Conceicao Rodrigues College of Engineering

Advanced Programming lang Design (Record no. 25690)

MARC details
000 -LEADER
fixed length control field 00335nam a2200145Ia 4500
082 ## - DEWEY DECIMAL CLASSIFICATION NUMBER
Classification number 5.13
Item number FIN
100 ## - MAIN ENTRY--PERSONAL NAME
Personal name Finkel/ Rapheal A
245 ## - TITLE STATEMENT
Title Advanced Programming lang Design
260 ## - PUBLICATION, DISTRIBUTION, ETC.
Name of publisher, distributor, etc. Addison Wesley Pub
Place of publication, distribution, etc. New york
Date of publication, distribution, etc. 1995
300 ## - PHYSICAL DESCRIPTION
Extent 480
546 ## - LANGUAGE NOTE
Language note ENGLISH
654 ## - SUBJECT ADDED ENTRY--FACETED TOPICAL TERMS
Focus term Advanced Computer
942 ## - ADDED ENTRY ELEMENTS (KOHA)
Koha item type BOOK
Holdings
Withdrawn status Lost status Damaged status Not for loan Collection Home library Current library Date acquired Total Checkouts Full call number Barcode Date last seen Price effective from Koha item type
        CRC Fr. Agnel's C.Rodrigues College of Engineering Fr. Agnel's C.Rodrigues College of Engineering 17/03/2023   5.13 FIN 9662 17/03/2023 17/03/2023 BOOK